000 00566nam a22002177a 4500
999 _c6608
_d6608
001 6608
003 BD-JhCC
005 20180127105154.0
008 180127b xxu||||| |||| 00| 0 eng d
035 _a(BD-JhCC)6608
040 _aBD-JhCC
_dBD-JhCC
041 _aeng
082 _a621.81
_bHUC 1958
100 _aHuckert, Jesse
245 _aAnalytical Kinematics of Plane Motion Mechanisms /
_cJesse Huckert
260 _aNew York :
_bThe Macmillan Company,
_c1958.
300 _a209 p-. :
_c25 cm.
650 _aMachinery
942 _2ddc
_cBK